LEADER 00939nam0-2200325---450- 001 990009222030403321 005 20100915094827.0 010 $a88-420-8149-3 035 $a000922203 035 $aFED01000922203 035 $a(Aleph)000922203FED01 035 $a000922203 100 $a20100915d2006----km-y0itay50------ba 101 0 $aita 102 $aIT 105 $ay-------001yy 200 1 $aCampagne elettorali in rete$fSara Bentivegna 210 $aRoma ; Bari$cLaterza$d2006 215 $aXI, 147 p.$d21 cm 225 1 $aLibri del tempo Laterza$v401 610 0 $aCampagna elettorale$aImpiego [di] Siti web$aItalia$a2006 676 $a324.73$v21$zita 700 1$aBentivegna,$bSara$f<1959- >$0143414 801 0$aIT$bUNINA$gREICAT$2UNIMARC 901 $aBK 912 $a990009222030403321 952 $aCollez. 79 (401)$b44144$fFSPBC 959 $aFSPBC 996 $aCampagne elettorali in rete$9776569 997 $aUNINA LEADER 00966nam0-22003491--450- 001 990006014470403321 005 20061207135922.0 035 $a000601447 035 $aFED01000601447 035 $a(Aleph)000601447FED01 035 $a000601447 100 $a20000112d1973----km-y0itay50------ba 101 0 $aita 102 $aIT 105 $ay---n---001yy 200 1 $a<>legge Scelba$euna barbara reliquia$fGastone Nencioni$gprefazione di Armando Plebe 210 $aRoma$cEd. documenti$d1973 215 $a220 p.$d24 cm 225 1 $aDocumenti$v4 676 $a342$v19$zita 676 $a945.92$v19$zita 700 1$aNencioni,$bGastone$0229119 702 1$aPlebe,$bArmando$f<1927- > 801 0$aIT$bUNINA$gRICA$2UNIMARC 901 $aBK 912 $a990006014470403321 952 $aI M 75 (4)$b118752$fFGBC 952 $aCONTIERI-154$bdono 4250$fDSPCP 959 $aFGBC 959 $aDSPCP 996 $aLegge Scelba$9579573 997 $aUNINA LEADER 01371cam1-22003851i-450- 001 990000105620403321 005 20080409161502.0 035 $a000010562 035 $aFED01000010562 035 $a(Aleph)000010562FED01 035 $a000010562 100 $a20020821g18831905km-y0itay50------ba 101 0 $afre 102 $aFR 105 $aa---f---001yy 200 1 $aEncyclopédie chimique$fpubliée sous la direction de M. Frémy par une réunion d'anciens élèves de l'Ecole polytechnique, de professeurs et d'industriels... 210 $aParis$cDunod$d1883-1905 215 $av.$cill.$d24 cm 463 \1$1001990000224170503321$12001 $aApplications de chimie inorganique 463 \1$1001990000224180403321$12001 $aAnalyse chimique 463 \1$1001990001679460403321$12001 $aApplications de chimie organique 463 \1$1001990002226660403321$12001 $aTable alphabétique des matières 463 \1$1001990008434040403321$12001 $aChimie biologique et chimie physiologique 463 \1$1001990008434090403321$12001 $aMétaux 610 0 $aChimica$aEnciclopedie e dizionari 610 0 $aTessuti$aTintura$aEnciclopedie e dizionari 676 $a667.321 702 1$aFrémy,$bEdmond 801 0$aIT$bUNINA$gRICA$2UNIMARC 901 $aBK 912 $a990000105620403321 959 $aFINBC 959 $aFAGBC 959 $aFFABC 997 $aUNINA